000 00499nam a2200193 a 4500
001 1770381888710
003 YourLibrary
005 20260206181647.0
008 260206s2000##################000#0#eng##
020 _a9780691094908
082 0 4 _a306.0949
_bCOH
100 1 _aCohen, Edward,
_eauthor.
245 1 0 _aThe Athenian Nation :
260 _bPrinceton University Press,
_c2000.
300 _a274 pages
650 0 _aHistory.
942 _cENGLISH
040 _aYourLibrary
_beng
_cYourLibrary
999 _c610738
_d610738